Joueur le plus cher par année de naissance : Foot - Statistiques

Statistiques générales
  • Ce quiz a été pris 63 fois
  • Le résultat moyen est 13 sur 27
Statistiques - réponses
Année de naissance Valeur marchande Joueur % Correct
2007 200 000 000 Lamine Yamal
96%
1998 200 000 000 Kylian Mbappe
95%
1985 12 000 000 Cristiano Ronaldo
87%
1987 15 000 000 Lionel Messi
87%
2000 200 000 000 Erling Haaland
82%
2003 140 000 000 Jude Bellingham
75%
1997 100 000 000 Ousmane Dembélé
67%
2002 150 000 000 Pedri
67%
2005 90 000 000 Désiré Doué
65%
2001 140 000 000 Michael Olise
64%
1993 65 000 000 Harry Kane
60%
1988 8 000 000 Robert Lewandowski
53%
2004 110 000 000 Joao Neves
47%
1986 4 000 000 Manuel Neuer
42%
1992 30 000 000 Mohamed Salah
42%
1999 120 000 000 Declan Rice
38%
1994 40 000 000 Bruno Fernandes
31%
2009 20 000 000 Max Dowman
27%
1996 80 000 000 Raphinha
27%
2008 60 000 000 Lennart Karl
25%
1991 18 000 000 Virgil Van Dijk
25%
1984 600 000 Thiago Silva
24%
1995 40 000 000 Joshua Kimmich
22%
1989 5 000 000 Thomas Muller
15%
1983 500 000 Dante
11%
2006 75 000 000 Yan Diomande
4%
1990 4 000 000 Benjamin André
2%
Aucun quiz correspondant
Distribution des résultats
% des personnes avec chaque résultat
Percentile par nombre de réponses
Votre historique - résultats
Vous n’avez pas pris ce quiz